000 00239nam a2200097Ia 4500
001 712186
005 20250826162822.0
008 250824s9999 xx 000 0 und d
245 0 _aBÜTÜN OYUNLAR 2
_cORHAN KEMAL
260 _bEVEREST YAYINLARI
999 _c712186
_d712186